KAYIP RUH (Kayıt no. 1225047)

MARC ayrıntıları
000 -LEADER
sabit uzunluktaki kontrol alanı 00252nam a2200097Ia 4500
001 - KONTROL NUMARASI
kontrol alanı 1225047
005 - EN SON İŞLEMİN TARİH VE ZAMANI
kontrol alanı 20250827092938.0
008 - SABİT-UZUNLUKTA VERİ ÖĞELERİ--GENEL BİLGİ
sabit uzunluktaki kontrol alanı 250824s9999 xx 000 0 und d
245 #0 - ESER / YAZAR
ESER ADI KAYIP RUH
Yazar Adı NESRİN AYDIN ERDEM
260 ## - YAYIN, DAĞITIM, VB.
YAYIN EVİ ÇOCUK GEZEGENİ YAYINLARI
Mevcut
Düşüm durumu Kayıp durumu Hasar Durumu Ödünç verilmez Ana kütüphane Geçerli Kütüphane Edinilen tarih Toplam ödünç verme sayısı Barkod Son görüntüleme tarihi Son ödünç verme tarihi Fiyatın geçerli olmaya başladığı tarih Koha materyal türü
        ŞEHİT TEĞMEN BAYRAM OLGUN İMAM HATİP ORTAOKULU ŞEHİT TEĞMEN BAYRAM OLGUN İMAM HATİP ORTAOKULU 24.08.2025 1 11023303 29.09.2025 25.09.2025 27.08.2025 Kitaplar
Gemini Bilgi Teknolojileri A.Ş. tarafından düzenlenmiştir.